000 01318nam a22003737a 4500
001 342
003 FISKH
005 20260420154932.0
008 230328b cb ||||| |||| 00| 0 eng d
020 _a9780516200651
040 _aDLC
_cDLC
_dDLC
_dFISKH
_beng
042 _alcac
043 _an-us---
050 0 0 _aE446
_b.K37 1996
082 0 0 _a973/.0496073
_220
100 1 _aKent, Deborah.
245 1 0 _aAfrican-Americans in the thirteen colonies /
_cDeborah Kent.
260 _aNew York :
_bChildrens Press,
_c1996.
300 _a30 pages :
_bcolor illustrations ;
_c25 cm.
440 0 _aCornerstones of freedom
500 _aIncludes index.
505 _aU
520 _aPresents a brief history of Afro-Americans and of slavery in seventeenth and eighteenth century America.
521 8 _a990
_bLexile
521 8 _aU
_bRaz-Plus
650 0 _aAfrican Americans
_xHistory
_y17th century
_xJuvenile literature.
650 0 _aAfrican Americans
_xHistory
_y18th century
_xJuvenile literature.
650 0 _aSlavery
_zUnited States
_xHistory
_y17th century
_xJuvenile literature.
650 0 _aSlavery
_zUnited States
_xHistory
_y18th century
_xJuvenile literature.
650 1 _aAfrican Americans
_xHistory.
650 1 _aSlavery.
906 _a7
_bcbc
_corignew
_d1
_eocip
_f19
_gy-gencatlg
942 _2ddc
_cBK
_n0
999 _c342
_d342